les départements rajouter depuis 1790 - Statistiques

Statistiques générales
  • Ce quiz a été pris 9 fois
  • Le résultat moyen est 23 sur 26
Statistiques - réponses
Date de création/division Créé/divisé Département % Correct
1976 Divisé Corse
100%
1946 Créé Guadeloupe
100%
1946 Créé Guyane
100%
1946 Créé La réunion
100%
1946 Créé Martinique
100%
2011 Créé Mayotte
100%
1976 Créé Paris
100%
1976 Divisé Seine
100%
1976 Créé Seine saint denis
100%
1976 Créé Yvelines
100%
1860 Créé Alpes maritimes
89%
1976 Créé Corse du sud
89%
1976 Créé Essonne
89%
1976 Créé Haute corse
89%
1860 Créé Haute Savoie
89%
1976 Créé Hauts de seine
89%
1793 Créé Loire
89%
1860 Créé Savoie
89%
1922 Créé Territoire de Belfort
89%
1976 Créé Val de marne
89%
1793 Créé Rhone
78%
1976 Divisé Seine et oise
78%
1976 Créé Val d'Oise
78%
1793 Créé Vaucluse
56%
1793 Divisé Rhône et loire
44%
1808 Créé Tarn et Garonne
33%
Aucun quiz correspondant
Distribution des résultats
% des personnes avec chaque résultat
Percentile par nombre de réponses
Votre historique - résultats
Vous n’avez pas pris ce quiz